Normal view
MARC view
- Anna Petrasova, Brendan Harmon, Vaclav Petras, Payam Tabrizian & Helena Mitasova
Entry Personal Name
001 - CONTROL NUMBER
- control field: 133583
003 - CONTROL NUMBER IDENTIFIER
- control field: NUST
005 - DATE AND TIME OF LATEST TRANSACTION
- control field: 20260305123041.0
008 - FIXED-LENGTH DATA ELEMENTS
- fixed length control field: 260305|| aca||aabn | a|a d
040 ## - CATALOGING SOURCE
- Original cataloging agency: NUST
- Transcribing agency: NUST
100 ## - HEADING--PERSONAL NAME
- Personal name: Anna Petrasova, Brendan Harmon, Vaclav Petras, Payam Tabrizian & Helena Mitasova
670 ## - SOURCE DATA FOUND
- Source citation: Work cat.: (NUST): Anna Petrasova, Brendan Harmon, Vaclav Petras, Payam Tabrizian & Helena Mitasova., Tangible Modeling with Open Source GIS /, 2018.
